KOHA-Header-6

Managerial Accounting (Record no. 2666)

000 -LEADER
fixed length control field 00255nam a2200109Ia 4500
008 - FIXED-LENGTH DATA ELEMENTS--GENERAL INFORMATION
fixed length control field 190902s9999||||xx |||||||||||||| ||und||
100 ## - MAIN ENTRY--PERSONAL NAME
Personal name Ronald W.Hilton
245 #0 - TITLE STATEMENT
Title Managerial Accounting
260 ## - PUBLICATION, DISTRIBUTION, ETC. (IMPRINT)
Place of publication, distribution, etc India
Name of publisher, distributor, etc S. Chand
Date of publication, distribution, etc 2003
300 ## - PHYSICAL DESCRIPTION
Extent 250
942 ## - ADDED ENTRY ELEMENTS (KOHA)
Koha item type Books
Holdings
Withdrawn status Lost status Damaged status Not for loan Collection code Permanent Location Current Location Shelving location Date acquired Barcode Date last seen Price effective from Koha item type
          MAJU MAJU   2019-09-02 6300 2019-09-02 2019-09-02 Accounting

Powered by Koha